| 000 | 00869cam a2200301Ia 4500 | ||
|---|---|---|---|
| 999 |
_c4285 _d4285 |
||
| 001 | 144611259 | ||
| 003 | OCoLC | ||
| 005 | 20181204163044.0 | ||
| 008 | 070618s2005 ohu 000 0 eng d | ||
| 010 | _a 2006273155 | ||
| 020 |
_a1593107269 (pbk.) : _c$5.99 |
||
| 020 |
_a9781593107260 (pbk.) : _c$5.99 |
||
| 035 | _a(OCoLC)144611259 | ||
| 040 |
_aPNX _cPNX _dDLC _dCIRBC |
||
| 082 | 0 | 4 |
_a236.9 _bS642E |
| 092 |
_a236.9 _bS6442 |
||
| 100 | 1 | _aSmith, Carol. | |
| 245 | 1 | 4 |
_aThe everyday guide to-- prophecy / _cCarol Smith. |
| 246 | 3 | _aEveryday guide to prophecy | |
| 246 | 1 | 0 | _aProphecy |
| 260 |
_aUhrichsville, Ohio : _bHumble Creek, _cc2005. |
||
| 300 |
_a236, [20] p. ; _c21 cm. |
||
| 490 | 0 | _aEveryday guide to-- | |
| 630 | 0 | 0 |
_aBible _xProphecies. |
| 650 | 0 |
_aEnd of the world _xBiblical teaching. |
|
| 650 | 0 | _aDevotional calendars. | |
| 942 |
_2ddc _cBK |
||